000 00239nam a2200097Ia 4500
001 873071
005 20250826181249.0
008 250824s9999 xx 000 0 und d
245 0 _aKALP SIZISI
_cF. LOUİSA BARCLAY
260 _bPANAMA YAYINLARI
999 _c873071
_d873071